<?xml version="1.0" encoding="UTF-8"?><?xml-stylesheet type="text/xsl" href="static/style.xsl"?><OAI-PMH xmlns="http://www.openarchives.org/OAI/2.0/" xmlns:xsi="http://www.w3.org/2001/XMLSchema-instance" xsi:schemaLocation="http://www.openarchives.org/OAI/2.0/ http://www.openarchives.org/OAI/2.0/OAI-PMH.xsd"><responseDate>2026-04-17T19:18:24Z</responseDate><request verb="GetRecord" identifier="oai:www.recercat.cat:2072/431121" metadataPrefix="marc">https://recercat.cat/oai/request</request><GetRecord><record><header><identifier>oai:recercat.cat:2072/431121</identifier><datestamp>2024-10-31T02:38:11Z</datestamp><setSpec>com_2072_98</setSpec><setSpec>col_2072_378192</setSpec></header><metadata><record xmlns="http://www.loc.gov/MARC21/slim" xmlns:dcterms="http://purl.org/dc/terms/" xmlns:xsi="http://www.w3.org/2001/XMLSchema-instance" xmlns:doc="http://www.lyncode.com/xoai" xsi:schemaLocation="http://www.loc.gov/MARC21/slim http://www.loc.gov/standards/marcxml/schema/MARC21slim.xsd">
   <leader>00925njm 22002777a 4500</leader>
   <datafield ind2=" " ind1=" " tag="042">
      <subfield code="a">dc</subfield>
   </datafield>
   <datafield ind2=" " ind1=" " tag="720">
      <subfield code="a">Brugué, Quim</subfield>
      <subfield code="e">author</subfield>
   </datafield>
   <datafield ind2=" " ind1=" " tag="720">
      <subfield code="a">Gomà, Ricard</subfield>
      <subfield code="e">author</subfield>
   </datafield>
   <datafield ind2=" " ind1=" " tag="260">
      <subfield code="c">1996</subfield>
   </datafield>
   <datafield ind2=" " ind1=" " tag="520">
      <subfield code="a">Los partidos políticos, las políticas públicas y el análisis comparado de la realidad política han constituido el núcleo de tres sólidos ejes de desarrollo de la politología contemporánea. Aun así, raramente se ha llevado a cabo la tarea de entrecruzar sus respectivos campos de estudio e investigar las posibles interconexiones significativas entre las proposiciones teóricas o los hallazgos empíricos de cada uno de ellos. A tal finalidad, pues, queda vinculado el presente artículo. Que entre las políticas públicas y los partidos políticos se establezca una relación definida en términos de determinación del contenido de las primeras por la dimensión ideológica y programática de los segundos puede parecer una hipótesis plausible y hasta elemental. Sin embargo, la exploración de su alcance -e incluso su formulación misma- ha resultado más bien escasa hasta fechas recientes. Tradicionalmente, la teoría partisano de la política se ha mostrado impermeable a la emergencia del campo de análisis de las políticas públicas. Mientras, éstas adoptaban un enfoque técnico e instrumental escindido del estudio de las variables ideológicas explicativas de sus elementos más sustantivos. Recientemente se han producido movimientos de acercamiento de doble dirección. De un lado, la teoría del Party Government (modelo partitocrático de mediación y regulación) ha puesto sobre la mesa las implicaciones que comporta la creciente conexión de los partidos a la esfera de la resolución de problemas. De otro lado, la teoría de políticas públicas ha roto el gueto de sus reducidos intereses cognoscitivos iniciales, planteándose el análisis de los procesos ideológicos e institucionales de determinación causal de las decisiones públicas. En el espacio de intersección de los partidos, las políticas y la perspectiva comparada -configurado sobre la base de los desarrollos teóricos apuntados- se sitúa el presente trabajo. Su estructura expositiva constará de tres partes. En primer lugar, se desplegarán los elementos del marco teórico: el rol de la variable partisano en los diferentes modelos explicativos del contenido sustantivo de las políticas públicas (1). En segundo lugar, se realizará una revisión sistemática de las aplicaciones empíricas, centrada en el ámbito sectorial de las políticas sociales y en la perspectiva comparada de las democracias capitalistas avanzadas. Por último, se avanzarán algunas conclusiones, así como algunas proyecciones posibles para una agenda futura de investigación.</subfield>
   </datafield>
   <datafield tag="653" ind2=" " ind1=" ">
      <subfield code="a">Políticas públicas</subfield>
   </datafield>
   <datafield tag="653" ind2=" " ind1=" ">
      <subfield code="a">Partidos políticos</subfield>
   </datafield>
   <datafield tag="653" ind2=" " ind1=" ">
      <subfield code="a">Teoría del Party Government</subfield>
   </datafield>
   <datafield tag="653" ind2=" " ind1=" ">
      <subfield code="a">Teoría de políticas públicas</subfield>
   </datafield>
   <datafield tag="653" ind2=" " ind1=" ">
      <subfield code="a">Partisano</subfield>
   </datafield>
   <datafield ind2="0" ind1="0" tag="245">
      <subfield code="a">El impacto de los partidos sobre las políticas sociales. Una perspectiva comparada</subfield>
   </datafield>
</record></metadata></record></GetRecord></OAI-PMH>